| 000 | 00443nam a22001817a 4500 | ||
|---|---|---|---|
| 005 | 20260513121439.0 | ||
| 008 | 260513b |||||||| |||| 00| 0 eng d | ||
| 020 |
_a9788177585421 _c1280.00 |
||
| 040 | _aMAIN | ||
| 041 | _aEnglish | ||
| 082 |
_a547 _bFIN |
||
| 100 |
_aFinar, I.L. _99850 |
||
| 245 | _aOrganic Chemistry | ||
| 260 |
_aNoida _bPearson _c2025 |
||
| 300 |
_a965 _bVol.1st |
||
| 650 |
_aChemistry (PM USHA) _926803 |
||
| 942 | _cBK | ||
| 999 |
_c60778 _d60778 |
||